Városi problémák a nemzetközi autóút megnyitása előtt Hol vezessen át az útvonal a város belterületén
Elmentve itt :
| Dokumentumtípus: | Cikk |
|---|---|
| Megjelent: |
1935-09-19
|
| Sorozat: | Délmagyarország
11 No. 211 |
| Kulcsszavak: | Útépítés Szeged-Kecskemét |
| Online Access: | http://dmarchiv.bibl.u-szeged.hu/49031 |
| LEADER | 00504nab a2200145 i 4500 | ||
|---|---|---|---|
| 001 | delm49031 | ||
| 005 | 20180927134852.0 | ||
| 008 | 180927s1935 hu o 0|| hun d | ||
| 040 | |a SZTE Délmagyarország Archívum |b hun | ||
| 041 | |a hun | ||
| 245 | 0 | 0 | |a Városi problémák a nemzetközi autóút megnyitása előtt |h [elektronikus dokumentum] : |b Hol vezessen át az útvonal a város belterületén |
| 260 | |c 1935-09-19 | ||
| 300 | |a 3 | ||
| 490 | 0 | |a Délmagyarország |v 11 No. 211 | |
| 695 | |a Útépítés Szeged-Kecskemét | ||